000 00506pab a2200169 454500
008 180718b2017 xxu||||| |||| 00| 0 eng d
100 _aKaushal, Shyam
245 _aTargeted public distribution system in Himachal Pradesh: a gateway to food security
260 _c2017
300 _ap.179-186.
362 _aJul-Sep
650 _aPublic distribution system - India - Himachal Pradesh
650 _aPublic distribution system
700 _aRakesh Kumar
773 _aProductivity
909 _a116404
999 _c116398
_d116398